000 00511cam a2200181 a 4500
020 _a033357379X (v. 1 : pbk)
020 _a0333115996 (v. 1) :
020 _a0333584996 (v. 2 : pbk)
020 _a0333604563 (v. 3 : cloth)
040 _cNBiSU
082 _a330 MAC 1983 A066 Or.
100 1 _aSkidelsky, Robert Jacob Alexander,
245 1 0 _aJohn Maynard Keynes :
_ba biography /
260 _aLondon :
_bMacmillan,
_c1983-1992.
300 _a3 v. :
_bill. ;
_c24 cm.
650 0 _aEconomists
942 _cEK
999 _c14155
_d14155